Les masques de Zelda Majora's Mask par Images - Statistiques

Statistiques générales
  • Ce quiz a été pris 374 fois
  • Le résultat moyen est 14 sur 24
Statistiques - réponses
Par images Réponse % Correct
Masque Goron
100%
Masque Zora
97%
Masque Mojo
94%
Masque du Lapin
91%
Masque des Grandes Fées
88%
Masque d'Explosion
86%
Masque du Renard
85%
Masque de la Pierre
76%
Casquette du Facteur
75%
Masque de Vérité
69%
Masque de la Momie
68%
Masque du Géant
62%
Masque de Kafei
61%
Masque de puissance des fées
53%
Masque des Amoureux
41%
Masque de la Nuit Blanche
40%
Heaume du Capitaine
38%
Masque de Brème
35%
Masque de Romani
35%
Cagoule Garo
32%
Masque de Kamaro
31%
Masque des Parfums
27%
Masque de Don-Gero
26%
Masque du Directeur de Cirque
26%
Aucun quiz correspondant
Distribution des résultats
% des personnes avec chaque résultat
Percentile par nombre de réponses
Votre historique - résultats
Vous n’avez pas pris ce quiz